| 000 | 02534cam a22005414a 4500 | ||
|---|---|---|---|
| 001 | 15936302 | ||
| 003 | OSt | ||
| 005 | 20150408114105.0 | ||
| 008 | 091008s2010 nyua b 001 0 eng c | ||
| 010 | _a 2009938829 | ||
| 015 |
_aGBA994351 _2bnb |
||
| 016 | 7 |
_a101539678 _2DNLM |
|
| 016 | 7 |
_a015380441 _2Uk |
|
| 020 | _a9780387403137 (alk. paper) | ||
| 020 | _a0387403132 (alk. paper) | ||
| 020 | _a9780387686363 (eISBN) | ||
| 020 | _a0387686363 (eISBN) | ||
| 035 | _a(OCoLC)ocn436030925 | ||
| 040 |
_aNLM _cNLM _dUKM _dBTCTA _dOHX _dCDX _dYDXCP _dMMU _dDLC |
||
| 042 | _apcc | ||
| 050 | 0 | 0 |
_aQR189 _b.H35 2010 |
| 060 | 0 | 0 | _a2010 K-719 |
| 060 | 1 | 0 | _aQW 805 |
| 082 | 0 | 0 |
_a615/.372072 _223 |
| 100 | 1 |
_aHalloran, M. Elizabeth. _918703 |
|
| 245 | 1 | 0 |
_aDesign and analysis of vaccine studies / _cM. Elizabeth Halloran, Ira M. Longini, Jr., Claudio J. Struchiner. |
| 260 |
_aNew York : _bSpringer, _cc2010. |
||
| 300 |
_axviii, 387 p. : _bill. ; _c24 cm. |
||
| 490 | 1 |
_aStatistics for biology and health, _x1431-8776 |
|
| 504 | _aIncludes bibliographical references (p. 361-379) and index. | ||
| 505 | 0 | _aOverview of vaccine effects and study designs -- Immunology and early phase trials -- Binomial and stochastic transmission models -- R[o] and deterministic models -- Evaluating protective effects of vaccination -- Models of action and time-varying VE[s] -- Further evaluation of protective effects -- Vaccine effects on post-infection outcomes -- Household-based studies -- Analysis of households in communities -- Analysis of independent households -- Assessing indirect, total, and overall effects -- Randomization and baseline transmission -- Surrogates of protection. | |
| 650 | 0 |
_aVaccines _xResearch. _918704 |
|
| 650 | 0 |
_aVaccines _xStatistical methods. _918705 |
|
| 650 | 0 |
_aEpidemiology _xResearch. _918706 |
|
| 650 | 0 |
_aCase-control method. _918707 |
|
| 650 | 1 | 2 |
_aResearch Design. _911610 |
| 650 | 1 | 2 | _aVaccines. |
| 650 | 2 | 2 | _aClinical Trials as Topic. |
| 650 | 2 | 2 |
_aDrug Evaluation _xmethods. _918565 |
| 650 | 2 | 2 |
_aResearch _xmethods. |
| 650 | 2 | 2 |
_aStatistics as Topic. _911606 |
| 700 | 1 |
_aLongini, Ira M. _918708 |
|
| 700 | 1 |
_aStruchiner, Claudio J. _918709 |
|
| 830 | 0 |
_aStatistics for biology and health, _918710 |
|
| 906 |
_a7 _bcbc _cpccadap _d2 _encip _f20 _gy-gencatlg |
||
| 942 |
_2ddc _cDVD |
||
| 999 |
_c26548 _d261048 |
||